000 01118cam a2200301 a 4500
999 _c3979
_d3979
001 13425073
003 GZU
005 20210311085728.0
008 031205s2005 maua 000 0 eng
010 _a 2003116168
020 _a061845411X (pbk.)
040 _aDLC
_cDLC
050 0 0 _aPE1479.C7
_bSCH 2005
100 1 _aSchwiebert, John E.,
_d1955-
245 1 0 _aReading and writing from literature /
_cJohn Schwiebert.
250 _a3rd ed.
260 _aBoston :
_bHoughton Mifflin Co.,
_cc2005.
300 _axxiv, 1220 p., G-15, 6 p. of plates :
_bill. (some col.) ;
_c24 cm.
500 _aRev. ed of: 2nd. ed, 1997. With col. plates.
650 0 _aEnglish language
_xRhetoric
_xProblems, exercises, etc.
650 0 _aLiterature
_xAppreciation
_xProblems, exercises, etc.
650 0 _aCriticism
_xAuthorship
_xProblems, exercises, etc.
650 0 _aReport writing
_xProblems, exercises, etc.
650 0 _aCollege readers.
906 _a7
_bcbc
_corignew
_d3
_eepcn
_f20
_gy-gencatlg
942 _2lcc
_cBK
_e3rd ed.
_h1479.C7
_iSCH
_kPE